Riziká a neistoty pri hodnotení efektívnosti investičných projektov dizertačná práca

Salvato in:
Dettagli Bibliografici
Autore principale: Belanová, Katarína, 1978-
Ente Autore: Národohospodárska fakulta EU. Katedra financií
Altri autori: Sivák, Rudolf, 1955-
Natura: Libro
Lingua:slovacco
Pubblicazione: Bratislava 2007
Soggetti:
Tags: Aggiungi Tag
Nessun Tag, puoi essere il primo ad aggiungerne!!

MARC

LEADER 00000nam$a2200000$$$4500
001 0074054
005 20240502071858.4
041 0 |a slo 
044 |a SK 
245 1 0 |a Riziká a neistoty pri hodnotení efektívnosti investičných projektov  |b dizertačná práca  |c Katarína Belanová ; škol. Rudolf Sivák 
264 1 |a Bratislava  |c 2007 
300 |a 149 s. 
610 2 0 |a projekty investičné 
610 2 0 |a efektívnosť investícií 
100 1 |a Belanová, Katarína, 1978- 
700 1 |a Sivák, Rudolf, 1955- 
710 2 |a Národohospodárska fakulta EU. Katedra financií